1490 1856 1279 1669 1583 1688 1861 1446 1986 1162 1110 1334 1999 1025 1362 1712 1269 1801 1961 1745 1385 1008 1686 1824 1769 1858 1943 1145 1513 1453 1457 1727 1732 1276 1998 1235 1452 1629 1698 1809 1439 1345 1858 1322 1662 1245 1940 1847 1500 1362 1142 1881 1842 1733 1963 1005 1208 1784 1843 1436 1880 1625 1654 1490 1593 1652 1450 1330 1041 1831 1605 1406 1188 1880 1294 1536 1998 1994 1631 1805 1336 1960 1989 1077 1353 1035 1746 1771 1631 1965 1966 1099 1661 1614 1578 1517 1875 1700 1767 BCNSPRNW ULIB Ver.6.0+V

เปลี่ยนเป็นภาษาไทย

Change to English
 แสดงรายละเอียดบรรณานุกรม
  กลับหน้าหลัก

Brief Record : Get Marc (ISO 2709) : E-mail record : QR code < ปิดหน้าต่าง
LEADER : 00000nam 2200000uu 4500
001    13399112078
003     ULIB
008    110407s2544||||th 000 0 tha d
020    9746131028 (ล.2)
060 04 WY16^bส719ป ล.2 2544
245 00 เอกสารการสอนชุดวิชาประเด็นและแนวโน้มทางการพยาบาล หน่วยที่ 8-15=^bNursing issues and trends/^cละออ หุตางกูร ... [และคนอื่นฯ]
246 31 Nursing issues and trends
250    พิมพ์ครั้งที่ 14
260    นนทบุรี :^bสำนักพิมพ์มหาวิทยาลัยสุโขทัยธรรมาธิราช,^c2532-2544
300    ล.2 มี 459-98- หน้า :^bภาพประกอบ ;^c30 ซม
500    "เอกสารการสอนชุดวิชา 51303 หน่วยที่ 1-7, 8-15" -- หน้าปกใน
500    สิ่งพิมพ์ของ มหาวิทยาลัยสุโขทัยธรรมาธิราชสาขาวิชาวิทยาศาสตร์สุขภาพ
650  7 การพยาบาล
650  7 จรรยาบรรณพยาบาล
650  7 วิจัย
650  7 พยาบาล
700 0  ละออ หุตางกูร
710 1  มหาวิทยาลัยสุโขทัยธรรมาธิราช. ^bสาขาวิชาวิทยาศาสตร์สุขภาพ
945    ^p0^l0^i018599
945    ^p0^l0^i018598
995    ทศพร
999    ^aใช้งานได้ทุกระบบ
รายการนี้ยังไม่มีแท็ก
คุณยังไม่ได้ล็อกอิน คุณสามารถมีกิจกรรมร่วมกับเว็บไซต์ได้ แต่ต้องล็อกอินก่อน ::
  ล็อกอิน

รายการสื่อสารสนเทศ

ลำดับที่ ประเภท เลขเรียก/บาร์โค้ด สถานที่ สถานะ
- ไม่พบข้อมูล -

รายการใกล้เคียง
    หัวเรื่อง [การพยาบาล]
    หัวเรื่อง [จรรยาบรรณพยาบาล]
    หัวเรื่อง [วิจัย]
    หัวเรื่อง [พยาบาล]

BibComment


ยังไม่เคยถูกคอมเมนท์

คอมเมนท์ทรัพยากรรายการนี้
  คอมเมนท์: เอกสารการสอนชุดวิ..


 Copyright 2026. Bcnsprnw @Library